| 000 | 00525nam a2200181Ia 4500 | ||
|---|---|---|---|
| 999 |
_c28737 _d28737 |
||
| 003 | OSt | ||
| 005 | 20201216102530.0 | ||
| 008 | 190216s9999||||xx |||||||||||||| ||und|| | ||
| 020 | _a9788188801848 | ||
| 040 | _coclc | ||
| 082 |
_a894.8121 _bPAR/I |
||
| 100 |
_aParameswaran, Ullur M _97551 |
||
| 245 | 0 |
_aIlapozhiyumkaalam / _cUllur M Parameswaran |
|
| 260 |
_bLipi Publications, _aKozhikode: _c2006. |
||
| 300 | _a63p | ||
| 650 | _aMalayalam | ||
| 942 |
_cBK _2ddc _h894.8121 _iPAR/I _k894.8121 _mPAR/I |
||